000 06067cgm a2201321 i 4500
001 on1341684255
003 OCoLC
005 20231221120618.0
007 vd cvaizq
008 220822s2022 cau097 j vaeng d
024 1 _a191329233306
024 1 _a191329233320
_c(Canada)
024 7 _a00191329233306
_2gtin-14
028 4 2 _aSDS1000819892
_bParamount Pictures
028 4 2 _aSDS1000819894
_bParamount Pictures
028 4 2 _a3000092130
_bParamount Pictures
035 _a(OCoLC)1341684255
_z(OCoLC)1343742571
_z(OCoLC)1346580505
037 _bMidwest Tape
_nhttp://www.midwesttapes.com
040 _aTEFMT
_beng
_erda
_cTEFMT
_dTEF
_dTEFMT
_dOCLCF
_dIKG
_dJQW
_dINO
_dRNL
_dIUK
_dRB0
_dYVR
_dAZH
_dGK8
_dUINTA
041 1 _aeng
_afre
_ajpn
_aspa
_heng
046 _k2022
_2edtf
049 _aUCLB
050 4 _aPN1997.2
_b.P39 2022
082 0 4 _a791.43/72
_223/eng/20220824
092 _aEDVD
_bPaw
245 0 0 _aPaws of fury : the legend of Hank
246 3 0 _aLegend of Hank
257 _aUnited States
_aCanada
_aGreat Britain
_aCanada
264 1 _aHollywood, California :
_bParamount,
_c[2022]
300 _a1 videodisc (97 min.) :
_bcolor, sound ;
_c4 3/4 in.
336 _atwo-dimensional moving image
337 _avideo
338 _avideodisc
500 _aOriginally released as a motion picture in 2022.
500 _aWide screen.
500 _aAdaptation of "Blazing Saddles" originally released as a motion picture in 1974.
500 _aSpecial feature: In the drawing room with director Rob Minkoff.
508 _aMusic, Bear McCreary.
511 1 _aMichael Cera, Ricky Gervais, Mel Brooks, George Takei, Aasif Mandvi, Gabriel Iglesias, Djimon Hounsou, Michelle Yeoh, Samuel L. Jackson.
520 _aHard-luck hound Hank finds himself in a town full of cats who need a hero to defend them from a ruthless villain's evil plot to wipe their village off the map. With help from a reluctant teacher to train him, our underdog must assume the role of town samurai and team up with the villagers to save the day.
521 8 _aMPA rating: PG; for action, violence, rude and suggestive humor, and some language.
538 _aDVD, region 1, NTSC, 16:9 widescreen; 5.1 Dolby Digital; color.
546 _aEnglish, French, Japanese or Spanish dialogue; English, French, Japanese, Korean, Spanish or Thai subtitles.
650 0 _aDogs
_vJuvenile drama.
_95682267
650 0 _aCats
_vJuvenile drama.
_95742675
650 0 _aSamurai
_vJuvenile drama.
_96456515
650 0 _aVillages
_vJuvenile drama.
_96449134
650 0 _aRescues
_vJuvenile drama.
_95714191
650 1 _aDogs
_vDrama.
_95699115
650 1 _aCats
_vDrama.
_95696315
650 1 _aVillages
_vDrama.
_96441005
650 1 _aRescues
_vDrama.
_95699024
650 7 _aCats.
_2fast
650 7 _aDogs.
_2fast
650 7 _aRescues.
_2fast
650 7 _aVillages.
_2fast
655 7 _aAction and adventure films.
_2fast
655 7 _aAnimated films.
_2fast
655 7 _aChildren's films.
_2fast
655 7 _aComedy films.
_2fast
655 7 _aFeature films.
_2fast
655 7 _aFiction films.
_2fast
655 7 _aJuvenile works.
_2fast
_95673941
655 7 _aVideo recordings for people with visual disabilities.
_2fast
_95676923
655 7 _aAnimated films.
_2lcgft
655 7 _aChildren's films.
_2lcgft
655 7 _aComputer animation films.
_2lcgft
_95743741
655 7 _aComedy films.
_2lcgft
655 7 _aAction and adventure films.
_2lcgft
655 7 _aMartial arts films.
_2lcgft
_95755131
655 7 _aFeature films.
_2lcgft
655 7 _aFiction films.
_2lcgft
655 7 _aFilm adaptations.
_2lcgft
655 7 _aVideo recordings for the hearing impaired.
_2lcgft
655 7 _aVideo recordings for people with visual disabilities.
_2lcgft
_95676923
700 1 _aMinkoff, Rob,
_efilm director,
_efilm producer.
_942411
700 1 _aKoetsier, Mark,
_efilm director.
_96456516
700 1 _aBailey, Chris,
_d1962-
_efilm director.
_96456517
700 1 _aStone, Ed
_c(Screenwriter),
_escreenwriter.
_96456518
700 1 _aHopper, Nate,
_escreenwriter.
_96456519
700 1 _aBrooks, Mel,
_d1926-
_escreenwriter,
_evoice actor.
_98024
700 1 _aSteinberg, Norman,
_escreenwriter.
_958825
700 1 _aBergman, Andrew,
_escreenwriter.
_910057
700 1 _aPryor, Richard,
_d1940-2005,
_escreenwriter.
_95710482
700 1 _aUger, Alan,
_escreenwriter.
_96456520
700 1 _aNagle, Adam,
_efilm producer.
_96456521
700 1 _aNagle, Peter
_c(Producer),
_efilm producer.
_96456522
700 1 _aCollins, Guy,
_d1964-
_efilm producer.
_96456523
700 1 _aLandau, Yair,
_efilm producer.
_96456524
700 1 _aPurcell, Susan,
_efilm producer.
_96456525
700 1 _aCera, Michael,
_evoice actor.
_972452
700 1 _aGervais, Ricky,
_evoice actor.
_957541
700 1 _aBrooks, Mel,
_d1926-
_evoice actor.
_98024
700 1 _aTakei, George,
_d1937-
_evoice actor.
700 1 _aMandvi, Aasif,
_d1966-
_evoice actor.
_96214967
700 1 _aIglesias, Gabriel,
_d1976-
_evoice actor.
_95969728
700 1 _aHounsou, Djimon,
_d1964-
_evoice actor.
_976750
700 1 _aYeoh, Michelle,
_d1963-
_evoice actor.
_963657
700 1 _aJackson, Samuel L.,
_evoice actor.
_962150
700 1 _aMcCreary, Bear,
_ecomposer (expression)
_95736876
710 2 _aParamount Pictures Corporation,
_epresenter.
_97712
710 2 _aNickelodeon Movies,
_epresenter.
_965622
710 2 _aAlign (Firm),
_epresenter.
_96456526
710 2 _aAniventure (Firm),
_epresenter,
_eproduction company.
_96456527
710 2 _aHB Wink Animation,
_epresenter.
_96456528
710 2 _aGFM Animation,
_epresenter.
_96456529
710 2 _aFlying Tigers Entertainment,
_eproduction company.
_96456530
710 2 _aCinesite Studios (Firm),
_eproduction company.
_96456531
710 2 _aParamount Home Entertainment (Firm),
_epublisher.
_972161
730 0 _aBlazing saddles (Motion picture)
_96456532
856 7 _3View cover art
_uhttps://thumbnail.midwesttape.com/15193360_180.jpg
_2https
942 _2ddc
_cDVD
999 _c378071
_d378071